Estados de negación : ensayo sobre atrocidades y sufrimientos /
Guardado en:
| Autor Principal: | |
|---|---|
| Formato: | Libro |
| Idioma: | Spanish |
| Publicado: |
Buenos Aires :
Departamento de Publicaciones, Facultad de Derecho : Universidad de Buenos Aires
2005 :
|
| Edición: | 1a. ed. |
| Materias: | |
| Etiquetas: |
Agregar Etiqueta
Sin Etiquetas, Sea el primero en etiquetar este registro!
|
| LEADER | 00783nam a22002175a 4500 | ||
|---|---|---|---|
| 001 | DER.der001504 | ||
| 008 | 180615s2005####ag#||||||||||||||#||spa|| | ||
| 005 | 20260202112546.0 | ||
| 245 | 1 | 0 | |a Estados de negación : |b ensayo sobre atrocidades y sufrimientos / |c Stanley Cohen |
| 250 | |a 1a. ed. | ||
| 260 | |a Buenos Aires : |b Departamento de Publicaciones, |c 2005 : |b Facultad de Derecho : |b Universidad de Buenos Aires | ||
| 300 | |a 348 p. | ||
| 020 | |a 9502908414 | ||
| 100 | 1 | |a Cohen, Stanley | |
| 650 | 7 | |a CRIMINOLOGÍA | |
| 653 | |a SOCIOLOGÍA | ||
| 653 | |a DERECHOS HUMANOS | ||
| 859 | |a DERECHO |b BIB. DERECHO |h 323 |i COH |p 003559 | ||
| 859 | |a DERECHO |b BIB. DERECHO |h 323 |i COH |p 005902 |t 1 | ||
| 859 | |a DERECHO |b BIB. DERECHO |h 323 |i COH |p 005903 |t 2 | ||
| 859 | |a DERECHO |b BIB. DERECHO |h 323 |i COH |p 005904 |t 3 | ||
